<?xml version="1.0" encoding="UTF-8"?>
<collection xmlns:xsi="http://www.w3.org/2001/XMLSchema-instance" xsi:schemaLocation="http://www.loc.gov/MARC21/slim http://www.loc.gov/standards/marcxml/schema/MARC21slim.xsd" xmlns="http://www.loc.gov/MARC21/slim">
 <record>
  <leader>00000cam a22000003i 4500</leader>
  <controlfield tag="001">UP-1685594773862137267</controlfield>
  <controlfield tag="003">Buklod</controlfield>
  <controlfield tag="005">20181013105354.0</controlfield>
  <controlfield tag="006">g||| |     ||   ||</controlfield>
  <controlfield tag="007">ta</controlfield>
  <controlfield tag="008">181013s2017    enkab   rb   |||1 u|eng d</controlfield>
  <datafield tag="020" ind1=" " ind2=" ">
   <subfield code="a">9781118793794 (hardback)</subfield>
  </datafield>
  <datafield tag="035" ind1=" " ind2=" ">
   <subfield code="a">(iLib)UPBAG-00031760472</subfield>
  </datafield>
  <datafield tag="037" ind1=" " ind2=" ">
   <subfield code="a">BC-69766</subfield>
   <subfield code="b">Golden Books Services</subfield>
   <subfield code="c">Php7500.00</subfield>
   <subfield code="n">DSAP</subfield>
  </datafield>
  <datafield tag="040" ind1=" " ind2=" ">
   <subfield code="a">DLC</subfield>
   <subfield code="d">BAG</subfield>
   <subfield code="e">rda</subfield>
  </datafield>
  <datafield tag="041" ind1="0" ind2=" ">
   <subfield code="a">eng</subfield>
  </datafield>
  <datafield tag="090" ind1=" " ind2="0">
   <subfield code="a">QE 33.2 R4</subfield>
   <subfield code="b">E37 2017</subfield>
  </datafield>
  <datafield tag="245" ind1="0" ind2="0">
   <subfield code="a">Earth observation for land and emergency monitoring</subfield>
   <subfield code="c">edited by Heiko Balzter.</subfield>
  </datafield>
  <datafield tag="264" ind1=" " ind2="1">
   <subfield code="a">Chichester, [England]</subfield>
   <subfield code="b">John Wiley &amp; Sons Ltd.</subfield>
   <subfield code="c">2017.</subfield>
  </datafield>
  <datafield tag="300" ind1=" " ind2=" ">
   <subfield code="a">xi, 320 pages</subfield>
   <subfield code="b">illustrations, maps</subfield>
   <subfield code="c">25 cm</subfield>
  </datafield>
  <datafield tag="336" ind1=" " ind2=" ">
   <subfield code="a">text</subfield>
   <subfield code="2">rdacontent</subfield>
  </datafield>
  <datafield tag="337" ind1=" " ind2=" ">
   <subfield code="a">unmediated</subfield>
   <subfield code="2">rdamedia</subfield>
  </datafield>
  <datafield tag="338" ind1=" " ind2=" ">
   <subfield code="a">volume</subfield>
   <subfield code="2">rdacarrier</subfield>
  </datafield>
  <datafield tag="504" ind1=" " ind2=" ">
   <subfield code="a">Includes bibliographical references and index.</subfield>
  </datafield>
  <datafield tag="505" ind1="0" ind2=" ">
   <subfield code="a">Earth observation for land and emergency monitoring core services / Heiko Balzter -- Part I Foreset Monitoring -- Methodology for regional to global mapping of above ground forest biomass : integrating forest allometry, ground plots, and satellite observations / P. Rodriguez-Viega, S. Saatchi, J. Wheeler, K. Tansey and Heiko Balzter -- Remote sensing for above ground biomass estimation in boreal forests / M. A. Stelmaszczuk-Gorska, C.J. Thiel and S.C. Schmullius -- Forest mapping of the Congo basin using synthetic aperture radar (SAR) / J. Wheeler, P. Rodriguez-Viega, Heiko Balzter, K. Tansey and N.J. Tate -- Part II Land cover and land cover change monitoring -- Multi-frequency SAR applications for land cover classification within Copernicus downstream services / B.F. Spies, A. Lamb and Heiko Balzter -- Unsupervised land use/land cover change detection with integrated pixel and object based approaches for high resolution remote sensing imagery / S. Shrestha, C. Smith and Z. Bochenek -- Earth observation land data assimilation system (EO-LDAS) regularization constraints over Barrax site / M. Chernetskiy, N. Gobron, J. Gomez-Dans, P. Lewis an C.C. Schmullius -- Part III Coastal Zone and Freshwater Monitoring -- SAR-based EO of salt marsh habitats in support of integrated coastal zone management / S.J. van Beijma, A. Comber and A. Lamb -- A framework for lakeshore vegetation assessment using field spectroscopy and airborne hyperspectral imagery / D. Stratoulias, I. Keramitsoglou, P. Burai, L. Csaba, A. Zlinsky, V.R. Toth and Heiko Balzter -- Copernicus framework for monitoring lake balaton phytoplankton / S.C.J. Palmer, A. Zlinsky, Heiko Balzter, V. Nicolas-Perea and V.R. Toth -- Part IV Land deformation mapping and humanitarian crisis -- InSAR techniques for land deformation monitoring, land deformation mapping, and humanitarian crisis response / P. Kourkouli, U. Wegmuller, A. Weismann and K. Tansey -- Mapping land surface displacements in the Swiss Alps with radar interferometry / J. Papke, T. Strozzi and N.J. Tate -- Sample supervised search-centric approaches in geographic object-based image analysis : concepts, state of the art and a future outlook / C. Fourie and E. Schoepfer -- Part V Earth observation for climate adaptation -- Remote sensing of wetland dynamics as indicators of water availability in semi-arid Africa / L. Moser, A. Schmitt, S. Voigt and E. Schepfer -- Satellite derived information for drought detection and estimation of water balance / M. Ofwono, K. Dabrowska-Zielinska, J. Kaduk and V. Nicolas-Perea -- Conclusion / Heiko Balzter.</subfield>
  </datafield>
  <datafield tag="650" ind1=" " ind2="0">
   <subfield code="a">Earth sciences</subfield>
   <subfield code="v">Remote sensing.</subfield>
  </datafield>
  <datafield tag="650" ind1=" " ind2="0">
   <subfield code="a">Environmental monitoring</subfield>
   <subfield code="v">Remote sensing.</subfield>
  </datafield>
  <datafield tag="650" ind1=" " ind2="0">
   <subfield code="a">Geographic information systems.</subfield>
  </datafield>
  <datafield tag="650" ind1=" " ind2="0">
   <subfield code="a">Synthetic aperture radar.</subfield>
  </datafield>
  <datafield tag="700" ind1="1" ind2=" ">
   <subfield code="a">Balzter, Heiko</subfield>
   <subfield code="e">editor.</subfield>
  </datafield>
  <datafield tag="905" ind1=" " ind2=" ">
   <subfield code="a">FO</subfield>
  </datafield>
  <datafield tag="852" ind1="0" ind2=" ">
   <subfield code="a">UPBAG</subfield>
   <subfield code="b">UPBAG-MAIN</subfield>
   <subfield code="h">QE 33.2 R4 E37 2017</subfield>
  </datafield>
  <datafield tag="942" ind1=" " ind2=" ">
   <subfield code="a">Book</subfield>
  </datafield>
 </record>
</collection>
